[Event "ICS rated blitz match"]
[Site "204.178.125.65"]
[Date "2001.09.19"]
[Round "?"]
[White "ChesterX"]
[Black "Hossa"]
[Result "1-0"]
[WhiteElo "2782"]
[BlackElo "2638"]
[PlyCount "98"]
[EventDate "2001.??.??"]

1. c4 e6 2. Nf3 b6 3. g3 Bb7 4. Nc3 Bxf3 5. exf3 Nf6 6. Bg2 Bb4 7. f4 c6 8. O-O
O-O 9. Qa4 a5 10. a3 Bxc3 11. dxc3 Ra7 12. Be3 Ng4 13. Bd2 Qe7 14. Qd1 f5 15.
Bf3 Nf6 16. Be3 Rb7 17. Bg2 Ng4 18. Bd4 d6 19. Re1 Nf6 20. b4 Nfd7 21. Qb3 axb4
22. cxb4 Ra7 23. c5 bxc5 24. Rxe6 Qf7 25. bxc5 dxc5 26. Bb2 Rc8 27. Qe3 Nf8 28.
Re5 Na6 29. Qd3 g6 30. Qc3 Qg7 31. Bf1 Nc7 32. Qc4+ Nd5 33. Rxd5 cxd5 34. Qxd5+
Qf7 35. Qe5 Qe6 36. Qh8+ Kf7 37. Qg7+ Ke8 38. Qxa7 c4 39. Bc3 Qd7 40. Qe3+ Qe7
41. Qd4 Rd8 42. Qh8 Kd7 43. Bf6 Qd6 44. Qg7+ Kc8 45. Bxd8 Kxd8 46. Bxc4 Nd7 47.
Qxh7 Qd4 48. Qg8+ Kc7 49. Rb1 Qe4 {Hossa resigns} 1-0

[Event "ICS rated blitz match"]
[Site "204.178.125.65"]
[Date "2001.09.19"]
[Round "?"]
[White "PostModernist"]
[Black "Hossa"]
[Result "1-0"]
[WhiteElo "2689"]
[BlackElo "2628"]
[PlyCount "134"]
[EventDate "2001.??.??"]

1. c4 Nf6 2. Nc3 e5 3. Nf3 Nc6 4. g3 Nd4 5. Bg2 Nxf3+ 6. Bxf3 Bb4 7. O-O O-O 8.
Qc2 d6 9. a3 Bxc3 10. Qxc3 Bh3 11. Re1 e4 12. Bh1 Qe7 13. d3 h6 14. Be3 c5 15.
f3 exf3 16. exf3 Qd8 17. d4 Rc8 18. Rad1 Nd7 19. Bf4 Qc7 20. Qe3 Nb6 21. b3
Rfe8 22. Qxe8+ Rxe8 23. Rxe8+ Kh7 24. d5 Bd7 25. Re2 Nc8 26. Bd2 b5 27. Re3
bxc4 28. bxc4 Qb7 29. Bg2 Qb2 30. Bf1 g6 31. Bc1 Qf6 32. Rd2 Nb6 33. Bb2 Qg5
34. f4 Qd8 35. Rd1 Na4 36. Ba1 Nb6 37. Rde1 Kg8 38. Bd3 Kf8 39. R3e2 f5 40. h4
Kf7 41. Kf2 a6 42. Kf1 Na4 43. Kg2 Kf8 44. Rb1 Kf7 45. Kf2 Bc8 46. Rbe1 Bd7 47.
Kf3 Nb6 48. Kg2 Na4 49. Bb1 Nb6 50. Ba2 Bc8 51. Bg7 h5 52. Bh6 Bd7 53. Bg5 Qb8
54. Re7+ Kg8 55. Bh6 Nxd5 56. cxd5 Qb2+ 57. R1e2 Qb5 58. Rg7+ Kh8 59. Ree7 Qb2+
60. Kh3 Bb5 61. Rh7+ Kg8 62. Reg7+ Qxg7 63. Rxg7+ Kf8 64. Rxg6+ Ke7 65. Bg5+
Kd7 66. Bb1 Kc7 67. Rg7+ Kb8 {Hossa resigns} 1-0

[Event "ICS rated blitz match"]
[Site "204.178.125.65"]
[Date "2001.09.19"]
[Round "?"]
[White "Hossa"]
[Black "Goteborg"]
[Result "1-0"]
[WhiteElo "2615"]
[BlackElo "2750"]
[PlyCount "135"]
[EventDate "2001.??.??"]

1. e4 c5 2. Nf3 d6 3. d4 cxd4 4. Nxd4 Nf6 5. Nc3 a6 6. Be3 Ng4 7. Bg5 h6 8. Bh4
g5 9. Bg3 Bg7 10. Be2 h5 11. Nf5 Bxf5 12. exf5 Qa5 13. O-O Bxc3 14. bxc3 Nf6
15. Bf3 h4 16. Bxd6 exd6 17. Qxd6 Nbd7 18. Rfe1+ Kd8 19. Bxb7 Qb6 20. Qe7+ Kc7
21. Bxa8 Rxa8 22. Qxf7 Rf8 23. Qc4+ Qc6 24. Qd4 Re8 25. Red1 Re5 26. Rab1 Rxf5
27. c4 Rf4 28. Qd2 Kc8 29. f3 h3 30. gxh3 Qxf3 31. Rf1 Qe4 32. Rxf4 gxf4 33.
Qd3 f3 34. Qxe4 Nxe4 35. Rd1 Ne5 36. Rd4 Nc3 37. Kf2 Kc7 38. a3 Kb6 39. Ke3 Nb1
40. Kf4 f2 41. Rd1 Nc3 42. Rf1 Nxc4 43. Rxf2 Nxa3 44. h4 Nc4 45. h5 Nd6 46. h6
Nf7 47. h7 Nd1 48. Rd2 Nc3 49. Rd7 Nh8 50. Rd8 Ng6+ 51. Kf5 Ne7+ 52. Ke6 Ng6
53. Rg8 Nf4+ 54. Ke5 Nfd5 55. Rb8+ Kc5 56. h8=Q Nb6 57. Qf8+ Kb5 58. Qd6 Nca4
59. c4+ Kxc4 60. Rxb6 Nxb6 61. Qxb6 a5 62. Qxa5 Kd3 63. Qc5 Ke2 64. Qc3 Kf1 65.
Qc2 Kg1 66. Kf4 Kf1 67. Kf3 Kg1 68. Qg2# {Goteborg checkmated} 1-0

[Event "ICS rated blitz match"]
[Site "204.178.125.65"]
[Date "2001.09.19"]
[Round "?"]
[White "KingKings"]
[Black "Hossa"]
[Result "0-1"]
[WhiteElo "2503"]
[BlackElo "2637"]
[PlyCount "166"]
[EventDate "2001.??.??"]

1. e4 e5 2. Nf3 Nf6 3. Nc3 Nc6 4. Be2 Bb4 5. Nd5 Nxd5 6. exd5 Nd4 7. O-O O-O 8.
c3 Nxe2+ 9. Qxe2 Bd6 10. d4 exd4 11. Nxd4 Re8 12. Qg4 Qf6 13. Nb5 Be5 14. Be3
a6 15. Nd4 d6 16. Qh5 Qe7 17. Rae1 Bxd4 18. Bxd4 Qxe1 19. Qg5 f6 20. Bxf6 g6
21. Qh6 Re7 22. Qh4 Kf8 23. Qh6+ Ke8 24. h4 Qe2 25. Bxe7 Qxe7 26. b3 Bf5 27.
Rc1 Kd7 28. a3 Re8 29. c4 c6 30. dxc6+ Kxc6 31. h5 g5 32. c5 Be6 33. f4 Qf7 34.
cxd6+ Kxd6 35. Qxg5 Bd5 36. f5 Re4 37. Rd1 Kc6 38. Rc1+ Kd7 39. Rd1 Re5 40. Rf1
Re2 41. Rd1 Kc6 42. Rc1+ Kb5 43. a4+ Kb4 44. Qg4+ Re4 45. Qh3 Qg7 46. Rd1 Qe5
47. a5 Re1+ 48. Rxe1 Qxe1+ 49. Kh2 Qe5+ 50. Kg1 Kxa5 51. Qd3 Kb4 52. Qd2+ Kxb3
53. Qd1+ Kc4 54. Qc1+ Kb5 55. Qf1+ Bc4 56. Qb1+ Kc6 57. Qc1 Qc5+ 58. Kh1 Be6
59. Qxc5+ Kxc5 60. fxe6 Kd6 61. g4 b5 62. g5 Kxe6 63. Kg2 b4 64. Kf3 b3 65. g6
hxg6 66. h6 Kf6 67. Ke4 b2 68. Kf3 b1=B 69. Ke3 g5 70. Kd2 Kg6 71. Kc1 Kxh6 72.
Kxb1 g4 73. Ka2 g3 74. Ka3 g2 75. Kb4 g1=Q 76. Kc4 Kg6 77. Kd5 Kf5 78. Kd6 Qd4+
79. Kc6 Ke6 80. Kc7 Qd7+ 81. Kb6 Kd6 82. Kxa6 Kc5 83. Ka5 Qa7# {
KingKings checkmated} 0-1

[Event "ICS rated blitz match"]
[Site "204.178.125.65"]
[Date "2001.09.19"]
[Round "?"]
[White "Hossa"]
[Black "KingKings"]
[Result "1-0"]
[WhiteElo "2647"]
[BlackElo "2493"]
[PlyCount "183"]
[EventDate "2001.??.??"]

1. c4 Nf6 2. Nf3 g6 3. Nc3 d5 4. cxd5 Nxd5 5. Qa4+ Bd7 6. Qh4 Bc6 7. Ne5 Bg7 8.
Nxc6 Nxc6 9. e3 Ncb4 10. Rb1 O-O 11. Nxd5 Nxd5 12. Be2 Bf6 13. Qe4 c6 14. O-O
e5 15. b3 Re8 16. Re1 h6 17. a3 Qa5 18. Rd1 Qb6 19. Bb2 Rad8 20. Qc4 a5 21. d3
Bg5 22. Rf1 Qc7 23. Qc1 Qd6 24. Qd2 Ra8 25. Bg4 Red8 26. Bf3 Bf6 27. Rfe1 a4
28. bxa4 Rxa4 29. Rec1 Bg7 30. Qd1 Ra6 31. Rc2 Nb6 32. Be2 Na4 33. Ba1 Ra7 34.
Qc1 Rc8 35. Rc4 Qc7 36. Bf3 Rd8 37. Rb3 Kh7 38. Qd2 Qd6 39. Qc2 e4 40. Bxg7
exd3 41. Qd1 Kxg7 42. Rd4 Qf6 43. Rxd8 Qxd8 44. Rxd3 Qf6 45. Qc1 Ra5 46. Rd4
Rc5 47. Qd2 b5 48. Rd8 Nb6 49. Qd1 Qc3 50. g3 Nc4 51. Qd4+ Ne5 52. Bd1 Kh7 53.
Kg2 g5 54. f4 gxf4 55. gxf4 Ng6 56. Qd7 Qg7 57. Kf1 Rd5 58. Qe8 Nh4 59. Rxd5
Qg2+ 60. Ke1 Qh1+ 61. Kd2 Qxd5+ 62. Kc3 Qxd1 63. Qxf7+ Kh8 64. Qf6+ Kh7 65.
Qxh4 Qc1+ 66. Kb4 Qxe3 67. Qf6 Qe1+ 68. Kc5 Qc1+ 69. Kb6 Qxa3 70. Qf7+ Kh8 71.
f5 Qa8 72. f6 Qd8+ 73. Kb7 Qg8 74. Qe7 Qg5 75. Qe8+ Kh7 76. f7 b4 77. f8=Q Qb5+
78. Kc7 Qa5+ 79. Kxc6 Qa6+ 80. Kc5 Qa7+ 81. Kb5 Qb7+ 82. Kc4 Qa6+ 83. Kxb4 Qb6+
84. Kc4 Qa6+ 85. Qb5 Qe6+ 86. Kd4 Qg4+ 87. Ke5 Qh5+ 88. Qf5+ Qxf5+ 89. Kxf5 h5
90. Qb7+ Kh6 91. Qf7 h4 92. Qg6# {KingKings checkmated} 1-0

[Event "ICS rated blitz match"]
[Site "204.178.125.65"]
[Date "2001.09.19"]
[Round "?"]
[White "Hossa"]
[Black "ChesterX"]
[Result "0-1"]
[WhiteElo "2656"]
[BlackElo "2792"]
[PlyCount "117"]
[EventDate "2001.??.??"]

1. e4 c5 2. Nf3 e6 3. d4 cxd4 4. Nxd4 Nf6 5. Nc3 d6 6. Be3 a6 7. f3 b5 8. Qd2
Bb7 9. g4 h6 10. h4 b4 11. Na4 d5 12. Nb3 Nbd7 13. Nac5 Nxc5 14. Nxc5 Bxc5 15.
Bxc5 Qc7 16. Bxb4 dxe4 17. O-O-O exf3 18. Ba5 Qc6 19. Qb4 Nd5 20. Qd4 O-O 21.
Bd3 Rae8 22. g5 e5 23. Qe4 f5 24. gxf6 Nxf6 25. Bc4+ Kh8 26. Qxc6 Bxc6 27. Bb4
f2 28. Rh3 Rg8 29. Ra3 Bb5 30. Bxb5 axb5 31. Rf1 Ng4 32. Rg3 h5 33. Bc5 e4 34.
Kd2 Rc8 35. b4 Rgd8+ 36. Ke2 Rd5 37. a3 Rf5 38. c3 Re8 39. Bd4 e3 40. Rh3 Rf7
41. Bc5 Rd7 42. Bd4 Kg8 43. a4 bxa4 44. Ra1 Rf7 45. Rhh1 Nh6 46. Bc5 Rd7 47.
Ra2 Nf5 48. Kf3 Nxh4+ 49. Ke2 Nf5 50. Kf3 Rf7 51. Kg2 h4 52. Raa1 Ng3 53. Rhc1
f1=Q+ 54. Rxf1 Nxf1 55. Kh3 Rf3+ 56. Kg2 Rf2+ 57. Kh3 Rh2+ 58. Kg4 Re4+ 59. Kf5
{Hossa resigns} 0-1

[Event "ICS rated blitz match"]
[Site "204.178.125.65"]
[Date "2001.09.19"]
[Round "?"]
[White "ChesterX"]
[Black "Hossa"]
[Result "1-0"]
[WhiteElo "2802"]
[BlackElo "2646"]
[PlyCount "106"]
[EventDate "2001.??.??"]

1. d4 Nf6 2. c4 e6 3. Nc3 Bb4 4. e3 c5 5. Bd3 O-O 6. Nf3 d5 7. O-O dxc4 8. Bxc4
cxd4 9. exd4 b6 10. Bg5 Bb7 11. Ne5 a6 12. Rc1 Kh8 13. Qd3 Be7 14. Rfe1 Nbd7
15. Qh3 Nxe5 16. dxe5 Nd5 17. Bd3 g6 18. Bxe7 Qxe7 19. Ne4 Kg7 20. Bc4 Nf4 21.
Qg3 Nh5 22. Qe3 Bxe4 23. Qxe4 Qg5 24. h4 Qf4 25. g4 Qxe4 26. Rxe4 f5 27. Rd4
fxg4 28. Bxe6 g3 29. fxg3 Nxg3 30. Rc7+ Kh6 31. Rdd7 Rh8 32. Rc6 b5 33. Kf2 Nf5
34. Bxf5 Raf8 35. e6 Rxf5+ 36. Ke3 Kh5 37. Rxa6 Kxh4 38. e7 Re8 39. Re6 Rf1 40.
Rd4+ Kg3 41. Ke2 Rf7 42. Re3+ Kg2 43. Rde4 Rf2+ 44. Kd1 Rxb2 45. Rd3 Rxa2 46.
Rd8 Ra8 47. Rxa8 Rxa8 48. e8=Q Ra1+ 49. Kc2 Ra2+ 50. Kb3 Rf2 51. Re2 Rxe2 52.
Qxe2+ Kh3 53. Kc3 h5 {Hossa resigns} 1-0

[Event "ICS rated bullet match"]
[Site "204.178.125.65"]
[Date "2001.09.19"]
[Round "?"]
[White "Hossa"]
[Black "Tinker"]
[Result "0-1"]
[WhiteElo "2400"]
[BlackElo "2388"]
[PlyCount "124"]
[EventDate "2001.??.??"]

1. c4 Nf6 2. Nf3 e6 3. g3 d5 4. d4 Be7 5. Bg2 O-O 6. Nbd2 c6 7. O-O Nbd7 8. b3
b5 9. cxb5 cxb5 10. Bb2 Bb7 11. Rc1 Qa5 12. a4 bxa4 13. Bc3 Qa6 14. bxa4 Rfc8
15. Nb1 Bc6 16. a5 Ne4 17. Bd2 Bb5 18. Rxc8+ Rxc8 19. Re1 Bd6 20. Ng5 Nxg5 21.
Bxg5 Qxa5 22. Nd2 h6 23. Be3 Bb4 24. Rf1 Qa2 25. Qb1 Qxb1 26. Rxb1 a5 27. Kf1
Rc2 28. Bf3 Nf6 29. Nb3 Be8 30. Nc5 Rc4 31. Kg2 Bc3 32. Rd1 a4 33. Rc1 a3 34.
h3 a2 35. Nb3 Bb2 36. Re1 Ra4 37. Na1 Bxd4 38. Bxd4 Rxd4 39. Nc2 Rc4 40. Ne3
Ra4 41. Ra1 Kf8 42. Nd1 Ra3 43. Ne3 Bd7 44. Nc2 Ra4 45. Rd1 d4 46. g4 e5 47.
Kg3 Ke8 48. Rc1 Rc4 49. Rf1 Rxc2 50. Re1 e4 51. Bg2 Rxe2 52. Rd1 Rb2 53. Ra1 d3
54. Bf1 Be6 55. h4 Rb1 56. Rxa2 Bxa2 57. Kg2 Nd5 58. g5 d2 59. Ba6 d1=Q 60.
Bb5+ Ke7 61. Bc6 Qf3+ 62. Kh2 Rh1# {Hossa checkmated} 0-1

[Event "ICS rated blitz match"]
[Site "204.178.125.65"]
[Date "2001.09.19"]
[Round "?"]
[White "Tinker"]
[Black "Hossa"]
[Result "1/2-1/2"]
[WhiteElo "2459"]
[BlackElo "2637"]
[PlyCount "109"]
[EventDate "2001.??.??"]

1. e4 e5 2. Nf3 Nf6 3. Nxe5 d6 4. Nf3 Nxe4 5. d4 d5 6. Bd3 Be7 7. O-O Nc6 8.
Re1 Bg4 9. c3 f5 10. Qb3 Qd6 11. Nfd2 O-O-O 12. f3 Bh4 13. Re2 Bh5 14. fxe4
Bxe2 15. Bxe2 Qf4 16. Qd1 Bf2+ 17. Kh1 fxe4 18. Nb3 Be3 19. Bxe3 Qxe3 20. Bb5
Ne7 21. Qg4+ Kb8 22. N1d2 Ng6 23. c4 c6 24. Ba4 Rhe8 25. Rf1 Rf8 26. cxd5 cxd5
27. Bb5 Rf2 28. Rxf2 Qxf2 29. Qg3+ Qxg3 30. hxg3 Rf8 31. Kg1 b6 32. Nf1 Kc7 33.
Ne3 Kd6 34. Na1 Ne7 35. Nac2 Rf7 36. g4 g5 37. Na3 Rf8 38. Be2 Kc6 39. Nb5 a6
40. Nc3 b5 41. Nc2 Kd6 42. Nb4 Nc6 43. Nxa6 Nxd4 44. Bxb5 e3 45. Bd3 Re8 46.
Kf1 Rf8+ 47. Ke1 Rf2 48. Nd1 Rxg2 49. Nxe3 Rxb2 50. a4 Nf3+ 51. Kf1 Nh2+ 52.
Kg1 Nf3+ 53. Kf1 Nh2+ 54. Kg1 Nf3+ 55. Kf1 {Game drawn by repetition} 1/2-1/2

[Event "ICS rated blitz match"]
[Site "204.178.125.65"]
[Date "2001.09.19"]
[Round "?"]
[White "Hossa"]
[Black "ChesterX"]
[Result "0-1"]
[WhiteElo "2629"]
[BlackElo "2811"]
[PlyCount "87"]
[EventDate "2001.??.??"]

1. e4 c5 2. Nf3 d6 3. d4 cxd4 4. Nxd4 Nf6 5. Nc3 a6 6. Be3 e6 7. Qd2 b5 8. f3
Nbd7 9. g4 h6 10. O-O-O Bb7 11. Bd3 Ne5 12. Rhe1 b4 13. Na4 d5 14. exd5 Nxd5
15. Bf2 Bd6 16. Bg3 Nxd3+ 17. Qxd3 O-O 18. Nb3 Bc6 19. Bxd6 Qxd6 20. Nac5 Qxh2
21. Rd2 Qg3 22. Qf1 Rfc8 23. Ne4 Qf4 24. Qf2 a5 25. Nbc5 a4 26. c4 bxc3 27.
bxc3 Bb5 28. g5 hxg5 29. Qd4 Rab8 30. c4 Bxc4 31. Qxc4 f5 32. Ree2 fxe4 33.
Rxe4 Rb1+ 34. Kc2 Ne3+ 35. Kxb1 Nxc4 36. Rd8+ Rxd8 37. Rxf4 gxf4 38. Nxe6 Rd2
39. Nxf4 a3 40. Kc1 Rxa2 41. Nd5 Rf2 42. Nc3 a2 43. Nxa2 Rxa2 44. Kd1 {
Hossa resigns} 0-1

[Event "ICS rated blitz match"]
[Site "204.178.125.65"]
[Date "2001.09.19"]
[Round "?"]
[White "ChesterX"]
[Black "Hossa"]
[Result "1-0"]
[WhiteElo "2831"]
[BlackElo "2621"]
[PlyCount "85"]
[EventDate "2001.??.??"]

1. a3 e5 2. d4 exd4 3. Nf3 c5 4. c3 dxc3 5. Nxc3 Nf6 6. e4 Nc6 7. Bb5 Be7 8. e5
Ng8 9. Qd5 Qb6 10. O-O f6 11. Bc4 Nd8 12. Re1 Ne6 13. Qe4 fxe5 14. Nd5 Qd6 15.
Qxe5 Qxe5 16. Nxe5 Bd6 17. Bf4 Bb8 18. Bd2 b6 19. Rad1 Bd6 20. Bc3 Rb8 21. Nf4
Nxf4 22. Ng6+ Ne6 23. Nxh8 Bf4 24. Bxg7 a6 25. Re4 Bg5 26. Be5 Ra8 27. Rg4 h6
28. h4 Nf6 29. Rxg5 hxg5 30. Bxf6 Bb7 31. hxg5 b5 32. Be2 Nf4 33. Bg4 Bc6 34.
g3 Ne6 35. Re1 Bb7 36. f4 Kf8 37. f5 Nc7 38. Re7 Ne8 39. Bh5 Be4 40. Bxe8 Bxf5
41. Bf7 c4 42. g6 Bxg6 43. Nxg6# {Hossa checkmated} 1-0

[Event "ICS rated blitz match"]
[Site "204.178.125.65"]
[Date "2001.09.19"]
[Round "?"]
[White "ChesterX"]
[Black "Hossa"]
[Result "0-1"]
[WhiteElo "2838"]
[BlackElo "2626"]
[PlyCount "131"]
[EventDate "2001.??.??"]

1. e4 c5 2. Nf3 d6 3. d4 cxd4 4. Nxd4 Nf6 5. Nc3 a6 6. Be3 e5 7. Nb3 Be6 8. Qd2
Nbd7 9. f3 Be7 10. O-O-O O-O 11. g4 Rc8 12. h4 Qc7 13. Kb1 b5 14. g5 b4 15. Ne2
Nh5 16. Nec1 Nb8 17. Rg1 a5 18. Bb5 Bd7 19. Bxd7 Nxd7 20. Nd3 Rb8 21. Na1 Rfc8
22. f4 exf4 23. Nxf4 Nxf4 24. Bxf4 Nc5 25. Qd5 Rb6 26. h5 Qc6 27. g6 Qxd5 28.
exd5 a4 29. gxf7+ Kxf7 30. Be3 Rb5 31. Rdf1+ Bf6 32. h6 Rg8 33. hxg7 Nd7 34.
Bh6 Rxd5 35. Rg4 Rh5 36. Bd2 Rxg7 37. Rxb4 Rh2 38. Bc1 Nc5 39. Rbf4 Rg6 40. a3
Ke6 41. Re1+ Kd7 42. Rf5 h5 43. Rd1 Ke6 44. Rf3 Re2 45. Bd2 Ne4 46. Bb4 Rgg2
47. Rh1 h4 48. Ka2 Rg3 49. Rff1 h3 50. Rd1 h2 51. Rb1 Rgg2 52. Rhd1 Nf2 53.
Rxd6+ Kf5 54. Bc3 Rg1 55. Rxf6+ Kg5 56. Rxf2 Rxf2 57. Rxg1+ hxg1=Q 58. Bd4 Kf5
59. Bxf2 Qxf2 60. Kb1 Qc5 61. Ka2 Ke4 62. Kb1 Qg1+ 63. Ka2 Qc1 64. Nb3 Qxc2 65.
Na1 Qc4+ 66. Kb1 {ChesterX resigns} 0-1

[Event "ICS rated blitz match"]
[Site "204.178.125.65"]
[Date "2001.09.19"]
[Round "?"]
[White "Hossa"]
[Black "ChesterX"]
[Result "1/2-1/2"]
[WhiteElo "2651"]
[BlackElo "2813"]
[PlyCount "233"]
[EventDate "2001.??.??"]

1. d4 Nf6 2. c4 e6 3. Nf3 b6 4. g3 Ba6 5. Nbd2 Bb7 6. Bg2 c5 7. e4 cxd4 8. Nxd4
Bc5 9. N4b3 Qc7 10. Nxc5 Qxc5 11. Qe2 O-O 12. O-O Rc8 13. Rd1 d6 14. b3 Nbd7
15. Nb1 a6 16. Ba3 Qe5 17. Bb2 Qc5 18. Bd4 Qc7 19. a3 e5 20. Bb2 Nc5 21. Nd2
Bc6 22. f3 Rf8 23. Bc3 Rac8 24. Ra2 Nfd7 25. Bh3 Ne6 26. Bf5 Ndc5 27. Qe3 Qe7
28. Bg4 Qf6 29. Rb2 Rcd8 30. Nf1 Ng5 31. h4 Nge6 32. Qf2 b5 33. Ba5 Rd7 34. Ne3
Qg6 35. Bf5 Qh5 36. g4 Qh6 37. g5 Qh5 38. Bg4 Qg6 39. cxb5 Bxb5 40. Qg3 Rb8 41.
Bf5 Qh5 42. Bc3 Rbd8 43. Nd5 Re8 44. Bg4 Qg6 45. Nb6 Rdd8 46. a4 Bc6 47. Nc4
Nb7 48. Bf5 Qh5 49. Na5 Nxa5 50. Bxa5 Rb8 51. Rxd6 Bxa4 52. Rb6 Rxb6 53. Bxb6
Bb5 54. Be3 Nd4 55. Bxd4 exd4 56. Rg2 Rd8 57. Kf2 d3 58. Ke1 h6 59. g6 Kf8 60.
Qf4 a5 61. Be6 f6 62. Bf5 Bc6 63. Ra2 Be8 64. Qg3 Bxg6 65. Rg2 Bf7 66. Qxg7+
Ke7 67. Qg3 Rd6 68. Kd2 Rc6 69. Kxd3 Bxb3 70. Qg7+ Bf7 71. Rg4 a4 72. Ke2 a3
73. Bg6 Qb5+ 74. Kf2 Qb3 75. Bxf7 Rc2+ 76. Kg3 Qxf7 77. e5 Qxg7 78. Rxg7+ Ke6
79. exf6 a2 80. Ra7 Kxf6 81. Kf4 Ke6 82. Ke4 Re2+ 83. Kd3 Rf2 84. Ke4 h5 85.
Ra6+ Kf7 86. f4 Rg2 87. f5 Kg7 88. Ra7+ Kf6 89. Ra6+ Ke7 90. f6+ Kf7 91. Kf5
Ke8 92. Ra8+ Kf7 93. Ra7+ Ke8 94. Kf4 Kf8 95. Ke5 Re2+ 96. Kf5 Rg2 97. Ke6 Re2+
98. Kf5 Rg2 99. Ke4 Ke8 100. Kd3 Rh2 101. Kc3 Kf8 102. Kb3 Rf2 103. Rxa2 Rxa2
104. Kxa2 Kf7 105. Kb2 Kxf6 106. Kc2 Kg6 107. Kd3 Kh6 108. Ke4 Kg6 109. Kf4 Kf6
110. Kg3 Kg6 111. Kh3 Kf5 112. Kg3 Kg6 113. Kh3 Kf6 114. Kg3 Kg6 115. Kf3 Kf5
116. Kg3 Kg6 117. Kf3 {Game drawn by repetition} 1/2-1/2

[Event "ICS Rated blitz match"]
[Site "204.178.125.65"]
[Date "2001.09.19"]
[Round "?"]
[White "PostModernist"]
[Black "Hossa"]
[Result "1-0"]
[WhiteElo "2713"]
[BlackElo "2658"]
[PlyCount "92"]
[EventDate "2001.??.??"]

1. d4 Nf6 2. c4 e6 3. Nf3 d5 4. Nc3 c6 5. e3 Nbd7 6. Bd3 dxc4 7. Bxc4 Qc7 8.
O-O Bd6 9. e4 e5 10. Be2 exd4 11. Qxd4 O-O 12. Bg5 Re8 13. Bxf6 Nxf6 14. Rad1
Bf4 15. g3 c5 16. Qa4 Bh3 17. gxf4 Qxf4 18. e5 Qf5 19. Qh4 Bxf1 20. Kxf1 Ng4
21. Nd5 f6 22. exf6 Nxf6 23. Nc7 Re4 24. Bc4+ Kf8 25. Qg3 Rxc4 26. Nxa8 Rf4 27.
Ng5 Qg4 28. Rc1 Qxg3 29. hxg3 Ra4 30. Rxc5 Rxa2 31. Rc7 Rxb2 32. Ne6+ Ke8 33.
Nxg7+ Kf8 34. Ne6+ Ke8 35. Rg7 Nd5 36. Rxh7 Ne7 37. Nc5 a5 38. Kg2 Rb1 39. Nc7+
Kd8 40. N7e6+ Ke8 41. Rh8+ Ng8 42. Rxg8+ Ke7 43. Rg7+ Kf6 44. g4 b6 45. g5+ Ke5
46. f4+ Kd6 {Hossa resigns} 1-0

[Event "ICS rated blitz match"]
[Site "204.178.125.65"]
[Date "2001.09.19"]
[Round "?"]
[White "Hossa"]
[Black "RMartin"]
[Result "1-0"]
[WhiteElo "2645"]
[BlackElo "2296"]
[PlyCount "39"]
[EventDate "2001.??.??"]

1. e4 d6 2. Nc3 Nf6 3. Nf3 c5 4. e5 dxe5 5. Nxe5 Nc6 6. Nxc6 bxc6 7. Bc4 g6 8.
O-O Bg7 9. d3 Nd5 10. Qf3 e6 11. Ne4 O-O 12. c3 Nb6 13. Bg5 f6 14. Be3 Nxc4 15.
dxc4 e5 16. Bxc5 Re8 17. Nd6 Re6 18. Qxc6 Bd7 19. Qd5 Qc7 20. Qxa8+ {
RMartin resigns} 1-0

[Event "ICS rated blitz match"]
[Site "204.178.125.65"]
[Date "2001.09.19"]
[Round "?"]
[White "RMartin"]
[Black "Hossa"]
[Result "0-1"]
[WhiteElo "2292"]
[BlackElo "2649"]
[PlyCount "44"]
[EventDate "2001.??.??"]

1. d4 Nf6 2. Nf3 e6 3. g3 b5 4. Bg2 Bb7 5. O-O Be7 6. Nbd2 O-O 7. Re1 d6 8. c4
bxc4 9. Nxc4 Nbd7 10. e4 Bxe4 11. Ng5 Bxg2 12. Kxg2 Nd5 13. Qh5 N7f6 14. Qh4
Nb4 15. Bf4 Nc2 16. Rac1 Nxe1+ 17. Rxe1 Qd7 18. Ne5 dxe5 19. dxe5 h6 20. exf6
Bxf6 21. Qh5 hxg5 22. Bxg5 Qd5+ {RMartin resigns} 0-1

[Event "ICS rated blitz match"]
[Site "204.178.125.65"]
[Date "2001.09.19"]
[Round "?"]
[White "Hossa"]
[Black "Tinker"]
[Result "1/2-1/2"]
[WhiteElo "2653"]
[BlackElo "2470"]
[PlyCount "112"]
[EventDate "2001.??.??"]

1. e4 c5 2. Nf3 d6 3. d4 cxd4 4. Nxd4 Nf6 5. Nc3 h6 6. Bb5+ Bd7 7. O-O Bxb5 8.
Ndxb5 a6 9. Nd4 e6 10. Qd3 Nc6 11. Rd1 Nxd4 12. Qxd4 Be7 13. e5 dxe5 14. Qxe5
Qb8 15. Qd4 O-O 16. Bf4 Qa7 17. Qxa7 Rxa7 18. Rd3 b6 19. Rad1 Rb7 20. g3 Rc8
21. Be5 b5 22. R3d2 b4 23. Bxf6 Bxf6 24. Ne4 Be7 25. Re2 Rbc7 26. c3 bxc3 27.
Nxc3 Bb4 28. Na4 Rc1 29. Rxc1 Rxc1+ 30. Kg2 Ra1 31. a3 Be7 32. Rc2 Rd1 33. Rc8+
Rd8 34. Rxd8+ Bxd8 35. Nc5 a5 36. b4 Be7 37. Nd3 axb4 38. axb4 Kf8 39. b5 Ke8
40. Ne5 Bf6 41. Nc4 Kd7 42. f4 Bd4 43. Kf3 f6 44. Ke4 Bc5 45. h4 h5 46. Kf3 Kc7
47. g4 hxg4+ 48. Kxg4 g6 49. Kg3 Bd6 50. Kf3 Bf8 51. Na5 Kb6 52. Nc6 e5 53.
fxe5 fxe5 54. Nxe5 Be7 55. Nxg6 Bxh4 56. Nxh4 Kxb5 {
Game drawn because neither player has mating material} 1/2-1/2

[Event "ICS rated blitz match"]
[Site "204.178.125.65"]
[Date "2001.09.19"]
[Round "?"]
[White "Tinker"]
[Black "Hossa"]
[Result "1-0"]
[WhiteElo "2478"]
[BlackElo "2645"]
[PlyCount "103"]
[EventDate "2001.??.??"]

1. e4 e5 2. Nf3 a6 3. Nxe5 Qe7 4. d4 d6 5. Ng4 f5 6. Ne3 fxe4 7. Nd5 Qf7 8. Bc4
b5 9. Bb3 Ra7 10. Nf4 Qf5 11. Be3 c5 12. dxc5 dxc5 13. Bd5 g5 14. Qh5+ Kd8 15.
Bxg8 Rxg8 16. Nh3 g4 17. Nf4 Bd6 18. Qh6 Rd7 19. Nc3 Be5 20. Qb6+ Ke8 21. Qxc5
Rc7 22. Qd5 Rf8 23. Nce2 Bxb2 24. Rb1 Bg7 25. Qa8 Rb7 26. O-O Rff7 27. Rfd1 Qe5
28. Rd5 Qc7 29. Rbd1 Bf8 30. R5d4 Ba3 31. Nd5 Qc6 32. Rxe4+ Kf8 33. Nd4 Qg6 34.
Re5 Qd6 35. Re1 g3 36. hxg3 Kg7 37. Bf4 h6 38. Rh5 Rxf4 39. gxf4 Kg6 40. Rhe5
Qd8 41. R1e3 Bd6 42. Re8 Qd7 43. Rg3+ Kf7 44. Rh8 b4 45. Nb6 Rxb6 46. Qd5+ Kf6
47. Rxh6+ Ke7 48. Rg7+ Kd8 49. Ne6+ Qxe6 50. Rh8+ Qe8 51. Qg5+ Be7 52. Qxe7# {
Hossa checkmated} 1-0

[Event "ICS rated blitz match"]
[Site "204.178.125.65"]
[Date "2001.09.19"]
[Round "?"]
[White "Cedars"]
[Black "Hossa"]
[Result "0-1"]
[WhiteElo "2150"]
[BlackElo "2622"]
[PlyCount "48"]
[EventDate "2001.??.??"]

1. e4 e5 2. Nf3 Nf6 3. d4 Nxe4 4. Bd3 d5 5. dxe5 Be7 6. Bxe4 dxe4 7. Qxd8+ Bxd8
8. Nfd2 Bf5 9. Nc3 e3 10. fxe3 Bxc2 11. O-O O-O 12. Nf3 Nd7 13. Rf2 Bg6 14. Rd2
Nb6 15. b3 Be7 16. Bb2 Bc5 17. Kf2 c6 18. Rad1 Bf5 19. h3 Rae8 20. g4 Bg6 21.
Ne2 Nd5 22. Bd4 Bb4 23. Rb2 Rd8 24. Nf4 c5 {Cedars resigns} 0-1

[Event "ICS rated blitz match"]
[Site "204.178.125.65"]
[Date "2001.09.19"]
[Round "?"]
[White "Hossa"]
[Black "Cedars"]
[Result "1-0"]
[WhiteElo "2624"]
[BlackElo "2148"]
[PlyCount "37"]
[EventDate "2001.??.??"]

1. a3 e5 2. d4 exd4 3. Nf3 Nc6 4. Nxd4 Qf6 5. Nxc6 Qxc6 6. Bf4 Nf6 7. e3 Bc5 8.
Be2 Qxg2 9. Bf3 Qh3 10. Bxc7 O-O 11. Nc3 d6 12. b4 Bb6 13. Bxb6 axb6 14. Nd5
Be6 15. Nxf6+ gxf6 16. Bxb7 Ra7 17. Rg1+ Kh8 18. Qxd6 Rg8 19. Rxg8+ {
Cedars resigns} 1-0